Normal view MARC view
  • Heyzen Ateş, Zeynep.

Entry Personal Name

Number of records used in: 1

001 - CONTROL NUMBER

  • control field: 153763

003 - CONTROL NUMBER IDENTIFIER

  • control field: SULEY

005 - DATE AND TIME OF LATEST TRANSACTION

  • control field: 20260417121745.0

008 - FIXED-LENGTH DATA ELEMENTS

  • fixed length control field: 130218|| aca||aabn | a|a d

040 ## - CATALOGING SOURCE

  • Original cataloging agency: SULEY
  • Language of cataloging: tur
  • Transcribing agency: SULEY
  • Description conventions: rda

100 1# - HEADING--PERSONAL NAME

  • Personal name: Heyzen Ateş, Zeynep.

370 ## - ASSOCIATED PLACE

  • Associated country: Turkey

374 ## - OCCUPATION

  • Occupation: Women translators

375 ## - GENDER

  • Gender: Females

377 ## - ASSOCIATED LANGUAGE

  • Language code: tur
  • Language code: eng
  • Language code: spa

400 1# - SEE FROM TRACING--PERSONAL NAME

  • Personal name: Ateş, Zeynep Heyzen

670 ## - SOURCE DATA FOUND

  • Source citation: Work cat.: (SULEY)60348: Mead, Richelle. 31682, Vampir akademisi, 2009- .
  • Information found: t.p. (Zeynep Heyzen Ateş, çeviren. İstanbul doğumlu. İstanbul Ü. Dramaturji lisans, Lodz Ü. 'de y. lisans yapmıştır.)
Devinim Yazılım Eğitim Danışmanlık tarafından Koha'nın orjinal sürümü uyarlanarak geliştirilip kurulmuştur.